000 00226nam a2200097Ia 4500
001 761913
005 20250826165216.0
008 250824s9999 xx 000 0 und d
245 0 _aTÜRKÇE SÖZLÜK
260 _bKARATAY YAYINLARI
999 _c761913
_d761913